Premier League Football Clubs 2021/21 - Statistics

General Stats
  • This quiz has been taken 27 times
  • The average score is 17 of 20
Answer Stats
Hint Answer % Correct
A Arsenal
95%
A Aston Villa
95%
M Man C
95%
B Brighton
90%
C Chelsea
90%
; Liverpool
90%
W Wolves
90%
L Leicester
86%
N Norwich
86%
S Southampton
86%
T Tottenham
86%
W West Ham
86%
C Crystal Palace
81%
E Everton
81%
N Newcastle
81%
B Brentford
76%
B Burnley
76%
W Watford
76%
L Leeds
71%
M Man Utd
33%
No matching quizzes found
Score Distribution
Percent of People with Each Score
Percentile by Number Answered
Your Score History
You have not taken this quiz